[Event "IECG TE.2005.P.02023"]
[Site "IECG email"]
[Date "2006.12.19"]
[Round "1"]
[White "Nittschalk, Karl"]
[Black "Rahim, Zakaria"]
[Result "1-0"]
[WhiteElo "1242"]
[BlackElo "800"]
[PlyCount "21"]
[EventDate "2005.12.19"]
[EventType "tourn (corr)"]
[EventRounds "8"]
[SourceTitle "Corr 2024"]
[Source "ChessBase"]
[SourceDate "2023.10.19"]
[SourceVersion "1"]
[SourceVersionDate "2023.10.19"]
[SourceQuality "1"]

1. e4 e5 2. Nf3 Nc6 3. c3 Nf6 4. d3 d5 5. Bg5 dxe4 6. Bxf6 Qxf6 7. dxe4 Be7 8. Be2 Qg6 9. Nbd2 Qxg2 10. Rg1 Qxg1+ 11. Nxg1 1-0

[Event "IECG TE.2005.P.01831 email"]
[Site "IECG email"]
[Date "2005.03.24"]
[Round "?"]
[White "Rahim, Zakaria"]
[Black "Theeravanvilai, Prasert"]
[Result "0-1"]
[WhiteElo "800"]
[BlackElo "1500"]
[PlyCount "30"]
[EventDate "2005.03.24"]
[EventType "tourn (corr)"]
[EventRounds "12"]
[SourceTitle "Corr 2024"]
[Source "ChessBase"]
[SourceDate "2023.10.19"]
[SourceVersion "1"]
[SourceVersionDate "2023.10.19"]
[SourceQuality "1"]

1. d4 Nf6 2. c4 c5 3. d5 b5 4. Nf3 bxc4 5. Nc3 d6 6. e4 Ba6 7. a3 g6 8. Qa4+ Qd7 9. Qxd7+ Nbxd7 10. Be2 Bg7 11. 0-0 Nb6 12. a4 0-0 13. a5 Nbd7 14. Re1 Ne8 15. e5 Nxe5 0-1